Všeobecný obsah a štruktúra súvahy komerčnej poisťovne diplomová práca

Guardado en:
Detalles Bibliográficos
Autor principal: Gazdíková, Zuzana
Autor Corporativo: Fakulta hospodárskej informatiky EU. Katedra účtovníctva a audítorstva
Otros Autores: Juhászová, Zuzana, 1970-
Formato: Libro
Lenguaje:eslovaco
Publicado: Bratislava 2014
Etiquetas: Agregar Etiqueta
Sin Etiquetas, Sea el primero en etiquetar este registro!

MARC

LEADER 00000nbm a2200000 4500
001 0188645
005 20170201105106.4
041 0 |a slo 
044 |a SK 
245 1 0 |a Všeobecný obsah a štruktúra súvahy komerčnej poisťovne  |b diplomová práca  |c Zuzana Gazdíková ; školiteľ: Zuzana Juhászová 
264 1 |a Bratislava  |c 2014 
300 |a 71 s. 
100 1 |a Gazdíková, Zuzana 
700 1 |a Juhászová, Zuzana, 1970- 
710 2 |a Fakulta hospodárskej informatiky EU. Katedra účtovníctva a audítorstva